[Event "VIII MIEDZYNARODOWY TURNIEJ SZACHOWY - GORA SW. ANNY - Open B"]
[Site "GORA SW. ANNY"]
[Date "1899-12-30"]
[Round "9.1"]
[White "Kalmuk, Krzysztof"]
[Black "Smal, Tobiasz"]
[Result "0-1"]
[WhiteTitle "I+"]
[BlackTitle "I++"]
[WhiteElo "1939"]
[BlackElo "1994"]

1. d4 Nf6 2. Nf3 g6 3. g3 Bg7 4. Bg2 O-O 5. O-O d6 6. c4 Nc6 7. Nc3 a6 8. Bf4 Bf5
9. d5 Na5 10. Nd2 c5 11. Re1 Nh5 12. Bg5 h6 13. e4 Bd7 14. Be3 b5 15. Rb1 Nf6
16. h3 Ne8 17. Qe2 Nc7 18. f4 bxc4 19. e5 Bf5 20. Nde4 Nb5 21. Bf2 dxe5 22. fxe5
Bxe5 23. g4 Bxe4 24. Nxe4 Rc8 25. Nxc5 Bd4 26. Ne4 Kg7 27. Ng3 Qb6 28. Rf1 Qd6
29. Bxd4+ Nxd4 30. Qd2 Nac6 31. Ne4 Qxd5 32. Rbd1 e5 33. g5 Qe6 34. gxh6+ Kh8
35. Rf6 Qe7 36. Rdf1 Nf5 37. Qg5 Ncd4 38. h4 Ne6 39. Qc1 Nc5 40. Nxc5 Qxf6 41.
Nd7 Qxh4 42. Nxf8 Rxf8 43. Rf3 Qd4+ 44. Kh2 Rd8 45. Qf1 Qh4+ 46. Kg1 Rd2 47. Rxf5
gxf5 48. Qxf5 Rd1+ 49. Bf1 Qg3+ 50. Kh1 Qf4 51. Qxf4 exf4 52. Kg2 Rxf1 53. Kxf1
Kh7 54. Kf2 Kxh6 0-1

[Event "VIII MIEDZYNARODOWY TURNIEJ SZACHOWY - GORA SW. ANNY - Open B"]
[Site "GORA SW. ANNY"]
[Date "1899-12-30"]
[Round "9.2"]
[White "Guca, Krzysztof"]
[Black "Krawiecki, Stanislaw"]
[Result "1-0"]
[WhiteTitle "I"]
[BlackTitle "I"]
[WhiteElo "1820"]
[BlackElo "1814"]

1. Nf3 Nf6 2. g3 g6 3. c4 Bg7 4. Bg2 O-O 5. O-O c5 6. Nc3 d5 7. cxd5 Nxd5 8. Qb3
Nb6 9. d3 Nc6 10. Bf4 Nd4 11. Nxd4 cxd4 12. Ne4 Be6 13. Qa3 Bd5 14. Rac1 f5 15.
Nc5 Bxg2 16. Ne6 Qd5 17. Nc7 Qd7 18. Kxg2 Rac8 19. Qxa7 e5 20. Qxb6 exf4 21. Qe6+
Rf7 22. Qxd7 Rxd7 23. Ne6 Re8 24. Nxg7 Kxg7 25. Rfe1 fxg3 26. hxg3 Kf6 27. Rc4
g5 28. Kf3 h5 29. a4 Rd6 30. Rb4 b6 31. Rc4 Rb8 32. Rec1 Re8 33. Rc6 Ree6 34.
Rxd6 Rxd6 35. b3 Ke5 36. Rc8 Rh6 37. Re8+ Kd5 38. Rf8 Ke5 39. Re8+ Kd5 40. Rg8
h4 41. gxh4 gxh4 42. b4 Rh7 43. Kf4 h3 44. Rg1 h2 45. Rh1 Rh8 46. Kg3 Ra8 47.
a5 bxa5 48. bxa5 Rxa5 49. Rxh2 Ke5 50. Rh8 Rb5 51. Re8+ Kf6 52. Kf4 Rd5 53. Rc8
Ra5 54. Rd8 Ra2 55. Rd6+ Ke7 56. Rd5 Ke6 57. Re5+ Kd6 58. Kxf5 Ra8 59. f4 Rh8
60. Ke4 1-0

[Event "VIII MIEDZYNARODOWY TURNIEJ SZACHOWY - GORA SW. ANNY - Open B"]
[Site "GORA SW. ANNY"]
[Date "1899-12-30"]
[Round "9.3"]
[White "Jachym, Adam"]
[Black "Sudolski, Sylwester"]
[Result "1-0"]
[WhiteTitle "I"]
[BlackTitle "II"]
[WhiteElo "1965"]
[BlackElo "1863"]

1. d4 g6 2. Nf3 Bg7 3. g3 c5 4. c3 cxd4 5. cxd4 Nf6 6. Nc3 O-O 7. Bg2 d5 8. O-O
Nc6 9. Bf4 Ne4 10. Rc1 Qa5 11. Qb3 Bxd4 12. Nxd5 e5 13. Nxd4 Nxd4 14. Bxe5 Nxe2+
15. Kh1 Re8 16. Rc7 Be6 17. Bxe4 Bxd5 18. Bxd5 Rxe5 19. Bxf7+ Kh8 20. Qxb7 Rf8
21. Bxg6 Nxg3+ 22. hxg3 Rh5+ 23. Bxh5 Qxh5+ 24. Kg1 1-0

[Event "VIII MIEDZYNARODOWY TURNIEJ SZACHOWY - GORA SW. ANNY - Open B"]
[Site "GORA SW. ANNY"]
[Date "1899-12-30"]
[Round "9.4"]
[White "Kozaczuk, Witold"]
[Black "Garbowski, Jakub"]
[Result "1/2-1/2"]
[WhiteTitle "I"]
[BlackTitle "I+"]
[WhiteElo "1877"]
[BlackElo "1781"]

1. d4 Nf6 2. c4 g6 3. Nc3 d5 4. cxd5 Nxd5 5. e4 Nxc3 6. bxc3 Bg7 7. Nf3 c5 8. Rb1
Nc6 9. d5 Ne5 10. Nxe5 Bxe5 11. Bb5+ Bd7 12. Qd2 O-O 13. f4 Bg7 14. O-O e6 15.
Bc4 b6 16. Bb2 b5 17. dxe6 fxe6 18. Rbd1 bxc4 19. Qxd7 Qxd7 20. Rxd7 Rab8 21.
Ba3 Rb5 22. e5 Ra5 23. Bc1 Rxa2 24. Be3 Rb8 25. Rfd1 Bf8 26. Rc7 Rbb2 27. Kf1
Rxg2 28. Rxa7 Rxh2 29. Rxa2 Rxa2 30. Rd8 Kf7 31. Rd7+ Ke8 32. Rxh7 Rc2 33. Rc7
Rxc3 34. Ke2 Rc2+ 35. Kf3 Be7 36. Bxc5 Bxc5 37. Rxc5 Kd7 38. Ke3 c3 39. Rc4 Rc1
40. Kd3 c2 41. Kd2 1/2-1/2

[Event "VIII MIEDZYNARODOWY TURNIEJ SZACHOWY - GORA SW. ANNY - Open B"]
[Site "GORA SW. ANNY"]
[Date "1899-12-30"]
[Round "9.5"]
[White "Chylewski, Patryk"]
[Black "Domanski, Lukasz"]
[Result "1-0"]
[WhiteTitle "I++"]
[BlackTitle "I"]
[WhiteElo "1994"]
[BlackElo "1878"]

1. e4 c5 2. Nf3 e6 3. d4 cxd4 4. Nxd4 Nf6 5. Nc3 Nc6 6. Ndb5 d6 7. Bf4 e5 8. Bg5
a6 9. Na3 b5 10. Nd5 Be7 11. Bxf6 Bxf6 12. c3 Ne7 13. Nc2 Bb7 14. Nce3 Bg5 15.
Nxe7 Bxe7 16. Nd5 O-O 17. a4 f5 18. axb5 axb5 19. Rxa8 Bxa8 20. exf5 Rxf5 21.
Bxb5 Bh4 22. O-O Qg5 23. Bc4 Kh8 24. b4 e4 25. Qa4 Rf8 26. Qa5 Qd2 27. g3 Bg5
28. Qa2 Bxd5 29. Qxd2 Bxd2 30. Bxd5 e3 31. fxe3 Bxe3+ 32. Kg2 Rxf1 33. Kxf1 Bd2
34. b5 Bxc3 35. b6 Bd4 36. b7 Ba7 37. Ke2 g5 38. Kf3 Kg7 39. Kg4 Kf6 40. Kh5 Ke5
41. Bf3 Kf5 42. Kh6 Kf6 43. Kxh7 Bb8 44. Kg8 Ke7 45. Kg7 Ke6 46. Kg6 1-0

[Event "VIII MIEDZYNARODOWY TURNIEJ SZACHOWY - GORA SW. ANNY - Open B"]
[Site "GORA SW. ANNY"]
[Date "1899-12-30"]
[Round "9.6"]
[White "Czempiel, Henryk"]
[Black "Kokoszczynski, Jan"]
[Result "0-1"]
[WhiteTitle "I"]
[BlackTitle "I"]
[WhiteElo "1979"]
[BlackElo "1765"]

1. e4 e6 2. d4 d5 3. exd5 exd5 4. Bd3 Nc6 5. c3 Bd6 6. Qf3 Nge7 7. Ne2 Be6 8. O-O
Qd7 9. Bf4 O-O-O 10. Bxd6 Qxd6 11. b4 Ng6 12. a4 Nce7 13. Na3 Kb8 14. a5 h5 15.
h3 Qd7 16. b5 Nh4 17. Qg3 Nhf5 18. Bxf5 Nxf5 19. Qd3 g5 20. b6 cxb6 21. axb6 a6
22. Nc2 g4 23. h4 Nd6 24. Rfb1 Bf5 25. Qd1 Nc4 26. Rb3 Rhe8 27. Nb4 Qd6 28. Nd3
Bxd3 29. Qxd3 Re6 30. Rab1 Rde8 31. Ng3 Qf4 32. Rf1 Nd2 33. Nxh5 Qh6 34. Qg3+
Ka8 0-1

[Event "VIII MIEDZYNARODOWY TURNIEJ SZACHOWY - GORA SW. ANNY - Open B"]
[Site "GORA SW. ANNY"]
[Date "1899-12-30"]
[Round "9.7"]
[White "Pacan-milej, Kosma"]
[Black "Wielosz, Jaroslaw"]
[Result "1-0"]
[WhiteTitle "I"]
[BlackTitle "I"]
[WhiteElo "1840"]
[BlackElo "1939"]

1. d4 d6 2. Nf3 Bg4 3. c4 Bxf3 4. exf3 g6 5. Nc3 Bg7 6. Be3 e6 7. Qb3 Qc8 8. g3
Ne7 9. Bg2 c6 10. Ne4 Nf5 11. g4 d5 12. gxf5 dxe4 13. fxe6 fxe6 14. fxe4 e5 15.
O-O-O O-O 16. dxe5 Bxe5 17. h4 c5 18. h5 Rf6 19. Qd3 Nc6 20. Qd5+ Kh8 21. hxg6
Rxg6 22. Rxh7+ Kxh7 23. Qf7+ 1-0

[Event "VIII MIEDZYNARODOWY TURNIEJ SZACHOWY - GORA SW. ANNY - Open B"]
[Site "GORA SW. ANNY"]
[Date "1899-12-30"]
[Round "9.8"]
[White "Marchewka, Jakub"]
[Black "Jedrocha, Katarzyna"]
[Result "1-0"]
[WhiteTitle "I"]
[BlackTitle "I++"]
[WhiteElo "1848"]
[BlackElo "1881"]

1. e4 c6 2. d4 d5 3. e5 c5 4. c3 Nc6 5. Nf3 Bg4 6. Bb5 e6 7. dxc5 Bxf3 8. Qxf3
Bxc5 9. Qg3 Nge7 10. Qxg7 Rg8 11. Qxh7 Rxg2 12. Rf1 Qb6 13. Qh8+ Rg8 14. Bxc6+
bxc6 15. Qh7 Rg2 16. Qh8+ Rg8 17. Qh5 Ng6 18. Qe2 Rh8 19. f4 Qd8 20. f5 Qh4+ 21.
Kd1 Ne7 22. fxe6 fxe6 23. Bf4 Nf5 24. Nd2 Rg8 25. Kc2 Rg4 26. Bg3 Nxg3 27. hxg3
Qh7+ 28. Qd3 Qxd3+ 29. Kxd3 Rxg3+ 30. Rf3 Rxf3+ 31. Nxf3 Kd7 32. Rh1 Re8 33. Rh6
Re7 34. Ng5 Bb6 35. Nh7 Rf7 36. Nf6+ Ke7 37. Ke2 Bc7 38. Ng4 Bb6 39. Rg6 Rf5 40.
Kd3 Rf3+ 41. Kd2 Rf5 42. b4 Kf7 43. Rh6 Rg5 44. Rh4 Kg6 45. a4 Bc7 46. a5 Bxe5
47. Rh6+ Kg7 48. Rxe6 Rxg4 49. Rxe5 Kf6 50. Re8 Rg7 51. Rc8 Ke5 52. Rxc6 Rg2+
53. Kd3 Rg7 54. Rc8 Rb7 55. Re8+ Kd6 56. Rh8 Rc7 57. Kc2 Kc6 58. Kb3 Kb5 59. Rd8
Kc6 60. Rg8 Kb5 61. Rg5 Kc6 62. Ka4 Kb7 63. Rg3 Kc6 64. b5+ Kb7 65. a6+ Kb6 66.
Rg6+ Kc5 67. Ka5 Rh7 68. Rc6# 1-0

[Event "VIII MIEDZYNARODOWY TURNIEJ SZACHOWY - GORA SW. ANNY - Open B"]
[Site "GORA SW. ANNY"]
[Date "1899-12-30"]
[Round "9.10"]
[White "Korcz, Daniel"]
[Black "Karleszko, Karolina"]
[Result "1-0"]
[WhiteTitle "I+"]
[BlackTitle "I+"]
[WhiteElo "1759"]
[BlackElo "1578"]

1. c3 d5 2. d4 Nf6 3. Nf3 Bf5 4. Qb3 Qc8 5. Bf4 e6 6. h3 Nbd7 7. Nbd2 c5 8. e3
Be7 9. Nh4 Be4 10. Nhf3 O-O 11. Nxe4 Nxe4 12. Be2 c4 13. Qc2 b5 14. a3 Qc6 15.
O-O f6 16. Nd2 Nxd2 17. Qxd2 Bd6 18. Bxd6 Qxd6 19. Bd1 Rad8 20. Bc2 e5 21. Rad1
Nb6 22. dxe5 fxe5 23. f4 Rfe8 24. fxe5 Rxe5 25. e4 Rde8 26. Rfe1 Qc5+ 27. Qd4
Qe7 28. Re3 dxe4 29. Rde1 Rd8 30. Rxe4 Rxe4 31. Rxe4 Rxd4 32. Rxe7 Rd2 33. Be4
Rxb2 34. Rxa7 Re2 35. Bc6 Re5 36. Rb7 Na4 37. Bxb5 Nb2 38. a4 Rc5 39. a5 Nd1 40.
a6 Nxc3 41. a7 Rc8 42. Bxc4+ 1-0

[Event "VIII MIEDZYNARODOWY TURNIEJ SZACHOWY - GORA SW. ANNY - Open B"]
[Site "GORA SW. ANNY"]
[Date "1899-12-30"]
[Round "9.11"]
[White "Kwiatkowska, Agnieszka"]
[Black "Parol, Pola"]
[Result "0-1"]
[WhiteTitle "I"]
[BlackTitle "I++"]
[WhiteElo "1556"]
[BlackElo "1672"]

1. d4 Nf6 2. c4 c5 3. Nf3 cxd4 4. Nxd4 e5 5. Nf3 Nc6 6. e3 d5 7. cxd5 Nxd5 8. Bc4
Be6 9. Bxd5 Bxd5 10. O-O Be7 11. Nc3 Be6 12. Qa4 O-O 13. Rd1 Qc8 14. h3 f5 15.
Nd5 Bxd5 16. Rxd5 e4 17. Nd4 Nxd4 18. Rxd4 Bf6 19. Rd1 Qe6 20. Qa3 Rfd8 21. Bd2
Rac8 22. Bc3 Rxd1+ 23. Rxd1 Bxc3 24. bxc3 a6 25. Qb3 Qxb3 26. axb3 b5 27. Rc1
Kf7 28. Kf1 Ke6 29. Ke2 g5 30. g3 Ke5 31. f3 Rc6 32. f4+ gxf4 33. gxf4+ Kf6 34.
Kf2 Rd6 35. Ra1 Kg6 36. Rg1+ Kf7 37. Rg5 Kf6 38. Rh5 Rd2+ 39. Ke1 Rd3 40. Rxh7
Rxc3 41. Kf2 Rxb3 42. Rh6+ Kg7 43. Rxa6 Rb2+ 44. Kg3 b4 45. Rb6 Rb3 46. Kf2 Rb1
47. Ke2 b3 48. Kd2 Rb2+ 49. Kd1 Rb1+ 50. Kd2 b2 51. Rb3 Kg6 52. Kc2 Rh1 53. Kxb2
Rxh3 54. Kc2 Kh5 55. Rb5 Kg4 56. Kd2 Rh2+ 57. Kc3 Kf3 58. Kd4 Rd2+ 59. Ke5 Kxe3
60. Kxf5 Kf3 61. Re5 e3 62. Kg5 Rg2+ 63. Kf5 Rg8 64. Ra5 Rf8+ 65. Kg5 Rxf4 66.
Ra1 Rg4+ 67. Kf5 Rg2 68. Ra3 Kf2 69. Kf4 e2 70. Rf3+ Kg1 71. Re3 Kf1 72. Kf3 Rf2+
73. Kg3 e1=Q 74. Rxe1+ Kxe1 75. Kh3 Ke2 76. Kh4 Rg2 77. Kh5 Kf3 78. Kh6 Kf4 79.
Kh7 Kf5 80. Kh6 Rg1 81. Kh5 Rh1# 0-1

[Event "VIII MIEDZYNARODOWY TURNIEJ SZACHOWY - GORA SW. ANNY - Open B"]
[Site "GORA SW. ANNY"]
[Date "1899-12-30"]
[Round "9.14"]
[White "Czaplewska, Klara"]
[Black "Powalka, Michal"]
[Result "1-0"]
[WhiteTitle "I++"]
[BlackTitle "I++"]
[WhiteElo "1720"]
[BlackElo "1820"]

1. e4 e5 2. Nf3 Nc6 3. Bb5 a6 4. Ba4 Nf6 5. O-O Be7 6. c3 Nxe4 7. Re1 Nc5 8. Bxc6
dxc6 9. Nxe5 O-O 10. d4 Nd7 11. Bf4 Nb6 12. Nd2 Be6 13. Qe2 Re8 14. Ne4 Bf8 15.
Qc2 f6 16. Nd3 Nd5 17. Bd2 Bf5 18. f3 b6 19. Rad1 Ne7 20. Nf4 Ng6 21. Qb3+ Kh8
22. Ng3 Bd7 23. Nxg6+ hxg6 24. Rxe8 Bxe8 25. Re1 Qd7 26. Ne4 Bf7 27. Qc2 a5 28.
Bf4 a4 29. a3 Bb3 30. Qf2 g5 31. Bg3 Ra5 32. h3 Bf7 33. Bh2 Rb5 34. Qc2 Bb3 35.
Qf2 c5 36. Kh1 cxd4 37. Qxd4 Rd5 38. Qf2 Be7 39. Qe2 1-0

[Event "VIII MIEDZYNARODOWY TURNIEJ SZACHOWY - GORA SW. ANNY - Open B"]
[Site "GORA SW. ANNY"]
[Date "1899-12-30"]
[Round "9.15"]
[White "Maminski, Hubert"]
[Black "Oglaza, Oskar"]
[Result "1-0"]
[WhiteTitle "II+"]
[BlackTitle "I"]
[WhiteElo "1654"]
[BlackElo "1792"]

1. d4 d5 2. c4 e6 3. Nc3 Nf6 4. e3 c6 5. Nf3 Nbd7 6. Bd3 dxc4 7. Bxc4 b5 8. Bd3
Bb7 9. O-O a6 10. a4 b4 11. Ne4 a5 12. Qc2 Rc8 13. Rd1 Nxe4 14. Bxe4 Nf6 15. Bd3
Qb6 16. Qe2 Be7 17. e4 Nd7 18. Be3 Qc7 19. Rac1 Qb8 20. Nd2 c5 21. dxc5 Nxc5 22.
Bxc5 Bxc5 23. Bb5+ Ke7 24. Nc4 Qa8 25. Rd7+ Kf8 26. Qf3 Be7 27. Re1 Rd8 28. Nd6
Bf6 29. Rxb7 Rxd6 30. e5 Rd8 31. exf6 g6 32. Qf4 h6 33. Qc7 Rh7 34. h3 Kg8 35.
Rxe6 Rd1+ 36. Kh2 1-0